| 000 | 00652nam a2200205Ia 4500 | ||
|---|---|---|---|
| 003 | GCL | ||
| 005 | 20240530103407.0 | ||
| 008 | 140319s9999 xx 000 0 ara d | ||
| 040 |
_aGCL / _cGCL |
||
| 082 | 0 | 4 |
_a810.9 _bا ت |
| 100 | 1 | _aانيس المقدسى | |
| 245 | 1 | 0 |
_aتطور الاساليب النثرية فى الادب العربى / _cانيس المقدسى |
| 300 | _a415 ص | ||
| 650 | 0 | 4 | _aالادب العربى |
| 650 | 0 | 4 | _aعبدالحميد الكاتب |
| 650 | 0 | 4 | _aالنثر العربى - تاريخ ونقد |
| 650 | 0 | 4 | _aبديع الزمان الهمزانى |
| 650 | 0 | 4 | _aابن العميد |
| 942 |
_2ddc _cBK |
||
| 999 |
_c39041 _d39041 |
||